Constitución y Estatuto / (Record no. 164518)

MARC details
000 -LEADER
campo de control de longitud fija 00983nam a22002295i 4500
001 - NÚMERO DE CONTROL
campo de control 164518
003 - IDENTIFICADOR DE NÚMERO DE CONTROL
campo de control ES-MaACL
005 - FECHA Y HORA DE LA ÚLTIMA TRANSACCIÓN
campo de control 20231229063048.0
008 - DATOS DE LONGITUD FIJA--INFORMACIÓN GENERAL
campo de control de longitud fija 980930s1837 sp |||| | spa d
080 ## - NÚMERO DE LA CLASIFICACIÓN DECIMAL UNIVERSAL
Número de la Clasificación Decimal Universal 94(460)"1833/40"
100 1# - ENTRADA PRINCIPAL--NOMBRE DE PERSONA
Nombre de persona San Miguel, Evaristo,
Fechas asociadas al nombre 1785-1862
9 (RLIN) 132380
245 10 - MENCIÓN DEL TÍTULO
Título Constitución y Estatuto /
Mención de responsabilidad, etc. por Don Evaristo San Miguel.
260 ## - PUBLICACIÓN, DISTRIBUCIÓN, ETC.
Lugar de publicación, distribución, etc. Madrid :
Nombre del editor, distribuidor, etc. [s. n.],
Fecha de publicación, distribución, etc. 1837 (
Fabricante Imp. de Don Miguel de Burgos)
300 ## - DESCRIPCIÓN FÍSICA
Extensión 21 p. ;
Dimensiones 21 cm.
530 ## - NOTA DISPONIBLE DE FORMULARIO FÍSICO ADICIONAL
Nota de formato físico adicional disponible Disponible en formato digital.
610 14 - PUNTO DE ACCESO ADICIONAL DE MATERIA--NOMBRE DE ENTIDAD CORPORATIVA
Nombre de entidad corporativa o nombre de jurisdicción como elemento de entrada España.
Unidad subordinada Rey (1833-1868: Isabel II).
Título de la obra Estatuto Real, 1834.
9 (RLIN) 175647
610 14 - PUNTO DE ACCESO ADICIONAL DE MATERIA--NOMBRE DE ENTIDAD CORPORATIVA
Nombre de entidad corporativa o nombre de jurisdicción como elemento de entrada España.
Título de la obra Constitución, 1837.
9 (RLIN) 3653
651 #4 - PUNTO DE ACCESO ADICIONAL DE MATERIA--NOMBRE GEOGRÁFICO
Nombre geográfico España-
Subdivisión general Historia constitucional-
Subdivisión cronológica S.XIX.
9 (RLIN) 8367
852 4# - LOCALIZACIÓN
Ubicación ES-MaACL
Número de control de estantería T-12-F-19
Nota libre - Enc. hol.
-- - Enc. en un vol. facticio
856 4# - LOCALIZACIÓN Y ACCESO ELECTRÓNICOS
Identificador Uniforme de Recursos <a href="http://bvrajyl.rajyl.es/i18n/consulta/registro.cmd?id=9895 ">http://bvrajyl.rajyl.es/i18n/consulta/registro.cmd?id=9895 </a>
Nota pública Biblioteca Virtual de la Real Academia de Jurisprudencia y Legislación
Holdings
Estatus retirado Estado de pérdida Estado de daño No para préstamo Colección Biblioteca de origen Biblioteca actual Ubicación en estantería Fecha de adquisición Total de préstamos Signatura topográfica completa Código de barras Visto por última vez Precio de reemplazo Tipo de ítem Koha
        Colección de folletos Biblioteca del Ateneo de Madrid Biblioteca del Ateneo de Madrid Depósito folletos 17/01/2008   T-12-F-19 1172453 23/02/2023 23/02/2023 Folleto